VIA Rail Québec-Windsor Corridor Stations - Statistics

General Stats
  • This quiz has been taken 78 times
  • The average score is 29 of 47
Answers on the Map
Answers color-coded by a green-red scale on the quiz's map according to % correct below.
 
Answer Stats
Station % Correct
Montréal
98%
Québec
95%
Ottawa
93%
Toronto
91%
Kingston
88%
Niagara Falls
88%
London
86%
Windsor
86%
Oshawa
84%
Sarnia
81%
Oakville
77%
Belleville
74%
Cornwall
74%
Kitchener
74%
Dorval
72%
Guelph
70%
St. Catharines
67%
Brantford
65%
Brampton
63%
Drummondville
63%
Chatham
60%
Sainte-Foy
60%
Brockville
58%
Cobourg
58%
Grimsby
58%
Napanee
58%
Woodstock
58%
Fallowfield
56%
Stratford
56%
Smiths Falls
53%
Aldershot
51%
Saint-Hyacinthe
51%
Guildwood
49%
Alexandria
47%
Casselman
47%
Ingersoll
47%
Port Hope
47%
St. Marys
47%
Trenton Junction
47%
Georgetown
44%
Saint-Lambert
44%
Coteau
40%
Strathroy
40%
Wyoming
37%
Charny
33%
Glencoe
33%
Ganonoque
28%
No matching quizzes found
Score Distribution
Percent of People with Each Score
Percentile by Number Answered
Your Score History
You have not taken this quiz